000 01187nam a22003017a 4500
003 PE SENCICO BE
005 20260224152804.0
008 251111b |||||||| |||| 00| 0 eng d
017 _aMa-423-06
020 _a978-84-95818-23-2
040 _aPE SENCICO BE
_cPE SENCICO BE
041 _aspa
082 _a749
_bF38M
100 1 _aFernández García, David
_91
_eautor
245 1 _aMueble infantil /
_cDavid Fernández García ; director: Hugo Quiroga Capovilla
250 _a[1a ed.]
260 _aMálaga :
_bEdiciones Daly ;
_c2007
300 _a161 páginas :
_bIlustraciones ;
_c29.3 cm.
520 3 _aSe describe lo diversos tipos de mobiliario infantil como: dormitorio decorado con muebles realizados con madera maciza de pino, mueble cambiador fabricado en madera de pino con dos amplios estantes, mueble modular optimiza el espacio con dos camas
650 1 0 _aMuebles
_97
650 2 0 _aHabitaciones para niños
_9394
650 2 0 _aDistribución de espacios (viviendas)
_9395
650 2 0 _aDiseño de interiores
_9315
650 2 0 _aDiseño de muebles
_9396
700 1 _aQuiroga Capovilla, Hugo
_911
_edirector
910 _ahfp
942 _2ddc
_cLIB
999 _c9742
_d9742